The Fascinating World of Bees (Record no. 87961)

MARC details
000 -LEADER
fixed length control field 00331pam a2200145 a 4500
020 ## - INTERNATIONAL STANDARD BOOK NUMBER
Terms of availability
041 ## - LANGUAGE CODE
Language code of original
082 ## - DEWEY DECIMAL CLASSIFICATION NUMBER
Classification number 595.799
Item number ROD
100 ## - MAIN ENTRY--PERSONAL NAME
Personal name Rodionor, V.V.
245 ## - TITLE STATEMENT
Title The Fascinating World of Bees
Medium Textual Documents
260 ## - PUBLICATION, DISTRIBUTION, ETC.
Place of publication, distribution, etc. Moscow :
Name of publisher, distributor, etc. Mir,
Date of publication, distribution, etc. 1986.
300 ## - PHYSICAL DESCRIPTION
Extent 308 p.
700 ## - ADDED ENTRY--PERSONAL NAME
Personal name Shabarshov, I.A.
930 ## - EQUIVALENCE OR CROSS-REFERENCE-UNIFORM TITLE HEADING [LOCAL, CANADA]
Uniform title 11058
Holdings
Withdrawn status Lost status Damaged status Not for loan Collection Home library Current library Date acquired Source of acquisition Cost, normal purchase price Total Checkouts Full call number Barcode Date last seen Copy number Price effective from Koha item type
          Yashwantrao Mohite College of Arts, Science And Commerce, Pune Yashwantrao Mohite College of Arts, Science And Commerce, Pune 23/06/2021 Varma Book Centeer 15.00   595.799 ROD YMP-33200 24/02/2023 1 24/02/2023 Book